000 01552nam0a22003371 4500
001 rc\4393871
005 20250612071409.0
010 _bВ пер.
_d7 р. 65 к.
_96000
021 _aRU
_b[59-682]
035 _a(NLR Aleph) 008554899
090 _a8429467
_c8429467
100 _a20130416d1958 |||y0rusy50 ca
101 0 _arus
102 _aRU
105 _aa j |||||
200 1 _aХудожественная обработка дерева
_e[учебное пособие для художественных ремесленных училищ]
_fЕ.С. Двойникова, И.В. Лямин
_gпод ред. проф. Н.Н. Соболева
210 _aМосква
_cТрудрезервиздат
_d1958
215 _a232 с.
_cил.
_d27
320 _aБиблиогр. в конце книги
606 1 _aРезьба по дереву
_jУчебные издания для среднего профессионального образования
_91011132
_3RU\NLR\AUTH\66384924
686 0 _aЩ125.508.04я7
_2rubbk
700 1 _aДвойникова
_bЕ. С.
_gЕлена Семеновна
701 1 _aЛямин
_bИ. В.
_gИван Васильевич
702 1 _4340
_7ca
_8rus
_aСоболев
_bН. Н.
_cд-р искусствоведения
_f1874-1966
_gНиколай Николаевич
_9226184
_3RU\NLR\AUTH\770226240
801 0 _aRU
_bNLR
_c20130416
_gpsbo
801 1 _aRU
_bELAR
_c20130416
_2rusmarc
801 2 _aRU
_bNLR
_c20141205
_2rusmarc
852 _aNLR
_j59-7/201
942 _cBOOK
980 _aNB